000 00714cam a22002291a 4500
001 sa 67003591
003 DLC
005 20260227112339.0
008 861103s1966 ii f000 0 eng
010 _asa 67003591
025 _aPL480:I-E-7820
035 _a(OCoLC)14626647
040 _aDLC
_cWaU
_dTxU
_dDLC
042 _apremarc
050 0 0 _aHD9866.I62
_bA54
082 _a338.4/7/677210954
110 1 _aIndia.
_bPlanning Group on Textile Fibres.
245 1 0 _aReport of the planning sub-group on cotton textiles.
260 _aNew Delhi :
_bDirectorate of Commercial Publicity, Ministry of Commerce, Govt. of India,
_c[1966]
300 _a32 p. ;
_c24 cm.
650 0 _aCotton textile industry
_zIndia.
999 _c73909
_d73909